Music Quiz

Random Music or Letter Quiz

Bands without 'S-I-N-G-E-R-S' Quiz Stats

 Plays Quiz Updated Jun 19, 2013

Also try: Band Name Match Up
Challenge
Share
Tweet
Embed
Score 0/42 Timer 06:00
2 Plays Today
Without S-I-N-G-E-R Band Name % Correct
Bo JovBon Jovi
98.6%
Foo FhtFoo Fighters
86.4%
Dty' ChldDestiny's Child
86.3%
Ld ZpplLed Zeppelin
84.3%
Dua DuaDuran Duran
83.3%
Talk HadTalking Heads
80.5%
Th BatlThe Beatles
80.3%
Pt hop BoyPet Shop Boys
78.8%
Ac Of BaAce Of Base
78.6%
AomthAerosmith
78.6%
A upplyAir Supply
78.3%
BaaaamaBananarama
77.8%
tppwolfSteppenwolf
77.4%
Dp PuplDeep Purple
75.9%
Lyyd kyydLynyrd Skynyrd
74.1%
uythmcEurythmics
73.4%
Mll VallMilli Vanilli
70.5%
Huy Lw ad th wHuey Lewis and the News
68.1%
Lk PakLinkin Park
67.3%
Vtcal HozoVertical Horizon
66.4%
uptampSupertramp
65.2%
Without S-I-N-G-E-R Band Name % Correct
Vlla PoplVillage People
64.8%
lctc Lht OchtaElectric Light Orchestra
64.6%
Jffo AplaJefferson Airplane
62.3%
ath, Wd ad FEarth, Wind and Fire
61.9%
OaOasis
61.5%
Baakd LadBarenaked Ladies
59%
K Of LoKings Of Leon
56.1%
'ycN'Sync
55.9%
Cdc Clawat vvalCreedence Clearwater Revival
55.8%
Dxy Mdht uDexys Midnight Runners
49.5%
Blu TavlBlues Traveler
48.4%
Cah Tt DummCrash Test Dummies
45.1%
mpl MdSimple Minds
37.6%
F You CabalFine Young Cannibals
37.2%
Thd y BldThird Eye Blind
36.1%
oxttRoxette
35.1%
WhtakWhitesnake
31.9%
ym Cla HoGym Class Heroes
26.3%
Th htou BothThe Righteous Brothers
24.7%
Th oll toThe Rolling Stones
15.1%
O pdwaoREO Speedwagon
14.4%

You're not logged in!

Compare scores with friends on all Sporcle quizzes.
OR
Log In

You Might Also Like...

Show Comments

Extras

Top Quizzes Today


Score Distribution

Your Account Isn't Verified!

In order to create a playlist on Sporcle, you need to verify the email address you used during registration. Go to your Sporcle Settings to finish the process.

Report this User

Report this user for behavior that violates our Community Guidelines.

Details: